[Event "CRO-chT1B 28th"]
[Site "Mali Losinj"]
[Date "2019.10.02"]
[Round "5.36"]
[White "Curic, Drazen"]
[Black "Matanovic, Luka"]
[Result "0-1"]
[WhiteElo "2137"]
[BlackElo "2245"]
[PlyCount "46"]
[EventDate "2019.09.28"]
[EventType "team-tourn"]
[EventRounds "9"]
[EventCountry "CRO"]
[SourceTitle "EXT 2020"]
[Source "ChessBase"]
[SourceDate "2019.10.17"]
[SourceVersion "1"]
[SourceVersionDate "2019.10.17"]
[SourceQuality "1"]
[WhiteTeam "Split Brda"]
[BlackTeam "Slavonski Brod Dakovic"]
[WhiteTeamCountry "CRO"]
[BlackTeamCountry "CRO"]

1. e4 e5 2. Nc3 Nf6 3. f4 d5 4. fxe5 Nxe4 5. Qf3 Nxc3 6. dxc3 Be6 7. Bf4 Qd7 8. h3 Be7 9. 0-0-0 Nc6 10. Qg3 g5 11. Be3 0-0-0 12. Bb5 a6 13. Be2 Na5 14. Nf3 Qa4 15. a3 Nc4 16. Bxc4 Qxc4 17. Nd2 Qa2 18. Nb3 d4 19. cxd4 a5 20. d5 Bxd5 21. Qg4+ Kb8 22. Qa4 Bb4 23. Rxd5 Rxd5 0-1

[Event "CRO-chT1B 28th"]
[Site "Mali Losinj"]
[Date "2019.10.01"]
[Round "4.46"]
[White "Bubalovic, Davorin"]
[Black "Curic, Drazen"]
[Result "0-1"]
[WhiteElo "2212"]
[BlackElo "2137"]
[PlyCount "74"]
[EventDate "2019.09.28"]
[EventType "team-tourn"]
[EventRounds "9"]
[EventCountry "CRO"]
[SourceTitle "EXT 2020"]
[Source "ChessBase"]
[SourceDate "2019.10.17"]
[SourceVersion "1"]
[SourceVersionDate "2019.10.17"]
[SourceQuality "1"]
[WhiteTeam "Vinkovci"]
[BlackTeam "Split Brda"]
[WhiteTeamCountry "CRO"]
[BlackTeamCountry "CRO"]

1. e4 e5 2. Nf3 Nc6 3. Bb5 Nge7 4. c3 d6 5. d4 Bd7 6. 0-0 a6 7. Ba4 Ng6 8. Re1 Be7 9. d5 Nb8 10. Bxd7+ Nxd7 11. c4 h6 12. Nc3 Bg5 13. Ne2 Bxc1 14. Rxc1 Nh4 15. Ng3 Nxf3+ 16. Qxf3 g6 17. b4 a5 18. a3 axb4 19. axb4 b6 20. Ra1 h5 21. Ne2 0-0 22. Nc3 Qe7 23. Nb5 Nf6 24. Qc3 h4 25. g3 Kg7 26. Qf3 Qd7 27. Qg2 h3 28. Qf3 Nh5 29. Kf1 Rac8 30. Na7 Rce8 31. Nc6 f5 32. c5 bxc5 33. bxc5 fxe4 34. Qxe4 Nf6 35. Qh1 Ng4 36. Ra2 Rf3 37. Ree2 Qf5 0-1

[Event "Split op 9th"]
[Site "Split"]
[Date "2019.08.06"]
[Round "4"]
[White "Maryasin, Boris Feliksovich"]
[Black "Curic, Drazen"]
[Result "1/2-1/2"]
[WhiteElo "2302"]
[BlackElo "2115"]
[PlyCount "38"]
[EventDate "2019.08.03"]
[EventType "swiss"]
[EventRounds "9"]
[EventCountry "CRO"]
[SourceTitle "CBM 191 Extra"]
[Source "ChessBase"]
[SourceDate "2019.09.30"]
[SourceVersion "1"]
[SourceVersionDate "2019.09.30"]
[SourceQuality "1"]

1. e4 Nf6 2. e5 Nd5 3. Nc3 Nxc3 4. bxc3 d6 5. f4 e6 6. Nf3 Be7 7. d4 b6 8. a4 a5 9. Bd3 Ba6 10. 0-0 Bxd3 11. Qxd3 0-0 12. f5 exf5 13. Qxf5 Nd7 14. Bg5 h6 15. Bf4 dxe5 16. Nxe5 Nxe5 17. Bxe5 Bd6 18. Rae1 Bxe5 19. Rxe5 Qd6 1/2-1/2

[Event "Solta Amateur op"]
[Site "Grohote"]
[Date "2019.06.20"]
[Round "6"]
[White "Palchuk, Andrii"]
[Black "Curic, Drazen"]
[Result "0-1"]
[WhiteElo "2031"]
[BlackElo "2102"]
[PlyCount "50"]
[EventDate "2019.06.15"]
[EventType "swiss"]
[EventRounds "9"]
[EventCountry "CRO"]
[SourceTitle "EXT 2020"]
[Source "ChessBase"]
[SourceDate "2019.10.17"]
[SourceVersion "1"]
[SourceVersionDate "2019.10.17"]
[SourceQuality "1"]

1. Nf3 g6 2. g3 Bg7 3. Bg2 c5 4. e4 Nc6 5. 0-0 d6 6. c3 e5 7. d3 Nf6 8. h3 0-0 9. Nbd2 b6 10. Nc4 Rb8 11. Ne3 b5 12. Nh2 b4 13. c4 Nd4 14. Nd5 Nxd5 15. exd5 f5 16. f4 e4 17. dxe4 fxe4 18. g4 Ba6 19. Bxe4 Bxc4 20. Re1 Qh4 21. Kg2 Rbe8 22. Re3 Rxe4 23. Rxe4 Bxd5 24. Qd3 c4 25. Qe3 Nc2 0-1

[Event "Solta Amateur op"]
[Site "Grohote"]
[Date "2018.06.28"]
[Round "6"]
[White "Curic, Drazen"]
[Black "Pecurica, Milos"]
[Result "0-1"]
[WhiteElo "2193"]
[BlackElo "2329"]
[PlyCount "92"]
[EventDate "2018.06.24"]
[EventType "swiss"]
[EventRounds "9"]
[EventCountry "CRO"]
[SourceTitle "CBM 185 Extra"]
[Source "ChessBase"]
[SourceDate "2018.07.29"]
[SourceVersion "1"]
[SourceVersionDate "2018.07.29"]
[SourceQuality "1"]

1. b3 e5 2. Bb2 Nc6 3. e3 Nf6 4. d3 d5 5. Nd2 Bd6 6. g3 Bg4 7. Ne2 h5 8. h3 Bf5 9. Bg2 Qd7 10. a3 0-0-0 11. b4 a6 12. Nb3 h4 13. g4 Be6 14. Nc3 d4 15. b5 axb5 16. Nxb5 dxe3 17. fxe3 Bxb3 18. cxb3 Bc5 19. Ke2 Nd5 20. Bxd5 Qxd5 21. e4 Qe6 22. Re1 Bd4 23. Bxd4 Nxd4+ 24. Nxd4 exd4 25. Rf1 Rd7 26. Kd2 Qd6 27. b4 Qh2+ 28. Qe2 Qxh3 29. Rg1 Rhd8 30. Rae1 Rd6 31. e5 Ra6 32. Ra1 Rd5 33. Qe4 Qh2+ 34. Rg2 Qxe5 35. a4 Rc6 36. Qxe5 Rxe5 37. Rf1 f6 38. Rf5 Rce6 39. Rh5 Rxh5 40. gxh5 Re5 41. h6 gxh6 42. Rh2 Rh5 43. Ke2 Kd7 44. Kf3 Ke6 45. Ke4 h3 46. Kxd4 Kf5 0-1

[Event "Solta Amateur op"]
[Site "Grohote"]
[Date "2018.06.27"]
[Round "5"]
[White "Obad, Andrija"]
[Black "Curic, Drazen"]
[Result "0-1"]
[WhiteElo "2283"]
[BlackElo "2193"]
[PlyCount "88"]
[EventDate "2018.06.24"]
[EventType "swiss"]
[EventRounds "9"]
[EventCountry "CRO"]
[SourceTitle "CBM 185 Extra"]
[Source "ChessBase"]
[SourceDate "2018.07.29"]
[SourceVersion "1"]
[SourceVersionDate "2018.07.29"]
[SourceQuality "1"]

1. e4 Nf6 2. e5 Nd5 3. d4 d6 4. Nf3 Bg4 5. Be2 c6 6. Ng5 Bxe2 7. Qxe2 h6 8. Nf3 dxe5 9. dxe5 e6 10. 0-0 Nd7 11. c4 Ne7 12. b3 Ng6 13. Rd1 Qc7 14. Bb2 Nf4 15. Qe3 g5 16. Nc3 Be7 17. Ne4 Qb6 18. Bd4 c5 19. Bb2 0-0-0 20. Nd6+ Bxd6 21. Rxd6 Qc7 22. Rad1 Qa5 23. a3 Nb8 24. h4 Rdg8 25. hxg5 hxg5 26. Nxg5 Rh4 27. b4 Rxg5 28. Qxf4 Rxf4 29. bxa5 Rxc4 30. Rd8+ Kc7 31. R1d3 Rc2 32. Bc3 Rxc3 33. Rxc3 Kxd8 34. Rxc5 Nd7 35. Rb5 Rxe5 36. Rxb7 Rxa5 37. Rb3 Nb6 38. Rd3+ Nd5 39. g3 Rc5 40. Rd4 a5 41. Kg2 Kc7 42. f4 Rc3 43. Ra4 Ne3+ 44. Kf2 Nf5 0-1

[Event "Zadar op-A 24th"]
[Site "Zadar"]
[Date "2017.12.15"]
[Round "8"]
[White "Curic, Drazen"]
[Black "Deglmann, Ludwig"]
[Result "1/2-1/2"]
[WhiteElo "2224"]
[BlackElo "2301"]
[PlyCount "95"]
[EventDate "2017.12.09"]
[EventType "swiss"]
[EventRounds "9"]
[EventCountry "CRO"]
[SourceTitle "CBM 182 Extra"]
[Source "ChessBase"]
[SourceDate "2018.02.23"]
[SourceVersion "1"]
[SourceVersionDate "2018.02.23"]
[SourceQuality "1"]

1. e4 e6 2. d3 d5 3. Nd2 Nf6 4. g3 b6 5. Bg2 dxe4 6. Nxe4 Nxe4 7. Bxe4 c6 8. h4 Bb7 9. Nh3 Nd7 10. Bg5 Be7 11. Qe2 Nf6 12. Bg2 Qd7 13. 0-0-0 c5 14. Bxb7 Qxb7 15. h5 h6 16. Bd2 Qd5 17. Kb1 Qxh5 18. f3 Qd5 19. g4 0-0-0 20. Bc3 Rhg8 21. Nf4 Qc6 22. d4 c4 23. d5 Nxd5 24. Nxd5 Rxd5 25. Rxd5 Qxd5 26. Rd1 Qc6 27. Rd4 b5 28. a4 a6 29. axb5 axb5 30. Rf4 f6 31. Re4 e5 32. f4 Bd6 33. fxe5 fxe5 34. Bxe5 Re8 35. Re3 Bxe5 36. Rxe5 Rxe5 37. Qxe5 g5 38. Qe7 Qd7 39. Qe4 Kc7 40. Ka2 Qc6 41. Qe7+ Kb6 42. Qd8+ Ka6 43. c3 Qe6 44. Ka3 Qb6 45. Qa8+ Qa7 46. Qc6+ Qb6 47. Qa8+ Qa7 48. Qc6+ 1/2-1/2

[Event "Zadar op-A 24th"]
[Site "Zadar"]
[Date "2017.12.14"]
[Round "7"]
[White "Curic, Drazen"]
[Black "Bubalovic, Davorin"]
[Result "1/2-1/2"]
[WhiteElo "2224"]
[BlackElo "2237"]
[PlyCount "34"]
[EventDate "2017.12.09"]
[EventType "swiss"]
[EventRounds "9"]
[EventCountry "CRO"]
[SourceTitle "CBM 182 Extra"]
[Source "ChessBase"]
[SourceDate "2018.02.23"]
[SourceVersion "1"]
[SourceVersionDate "2018.02.23"]
[SourceQuality "1"]

1. e4 e5 2. Nf3 Nc6 3. Bb5 a6 4. Ba4 Nf6 5. 0-0 Be7 6. Re1 b5 7. Bb3 d6 8. c3 0-0 9. h3 Na5 10. Bc2 c5 11. d3 Nc6 12. Nbd2 h6 13. Nf1 Re8 14. Ne3 Bf8 15. Nf1 Be7 16. Ne3 Bf8 17. Nf1 Nb8 1/2-1/2

[Event "Djenovici TS10"]
[Site "Djenovici"]
[Date "2017.10.29"]
[Round "9"]
[White "Anand, Nadar"]
[Black "Curic, Drazen"]
[Result "0-1"]
[WhiteElo "2114"]
[BlackElo "2223"]
[PlyCount "90"]
[EventDate "2017.10.21"]
[EventType "tourn"]
[EventRounds "9"]
[EventCountry "MNE"]
[EventCategory "1"]
[SourceTitle "CBM 181 Extra"]
[Source "ChessBase"]
[SourceDate "2017.12.12"]
[SourceVersion "1"]
[SourceVersionDate "2017.12.12"]
[SourceQuality "1"]

1. d4 g6 2. c4 Bg7 3. e4 c5 4. d5 d6 5. Ne2 Nf6 6. Nbc3 0-0 7. f3 e6 8. Be3 a6 9. e5 dxe5 10. Bxc5 Re8 11. Ng3 exd5 12. cxd5 b6 13. Bf2 Bb7 14. Qb3 Nbd7 15. Nge4 Nxe4 16. Nxe4 Bf8 17. Bc4 f5 18. d6+ Kh8 19. Ng3 Bxd6 20. Rd1 Qc7 21. 0-0 Nc5 22. Qc3 Bf8 23. Be2 f4 24. Ne4 Bxe4 25. fxe4 Rac8 26. Bxc5 Bxc5+ 27. Kh1 Bd4 28. Qb3 b5 29. Bd3 g5 30. a4 bxa4 31. Qxa4 a5 32. b4 axb4 33. Qxb4 g4 34. Ba6 Rb8 35. Qc4 Qg7 36. Rb1 Ra8 37. Bb7 Rad8 38. Bd5 Rd6 39. Rfd1 Rh6 40. Rxd4 exd4 41. Rb7 Qe5 42. Qb5 g3 43. h3 f3 44. Qd7 f2 45. Rb1 Rd6 0-1

[Event "Djenovici TS10"]
[Site "Djenovici"]
[Date "2017.10.27"]
[Round "7"]
[White "Pecurica, Milos"]
[Black "Curic, Drazen"]
[Result "1-0"]
[WhiteElo "2264"]
[BlackElo "2223"]
[PlyCount "73"]
[EventDate "2017.10.21"]
[EventType "tourn"]
[EventRounds "9"]
[EventCountry "MNE"]
[EventCategory "1"]
[SourceTitle "CBM 181 Extra"]
[Source "ChessBase"]
[SourceDate "2017.12.12"]
[SourceVersion "1"]
[SourceVersionDate "2017.12.12"]
[SourceQuality "1"]

1. d4 f5 2. g3 Nf6 3. Bg2 e6 4. Nf3 d5 5. 0-0 Bd6 6. c4 c6 7. Nc3 0-0 8. Qc2 Nbd7 9. cxd5 exd5 10. Qxf5 Ne5 11. Qc2 Ng6 12. Bg5 Qe8 13. a3 Bg4 14. Rae1 Qd7 15. Nd2 Bh3 16. f3 Bc7 17. Nb3 Bxg2 18. Kxg2 Nh5 19. Nc5 Qf7 20. e4 Rae8 21. e5 h6 22. e6 Nhf4+ 23. gxf4 Nxf4+ 24. Bxf4 Qxf4 25. Kh1 Rf5 26. Re2 Rh5 27. e7 Rxe7 28. Rg2 Qxd4 29. Qf2 Qc4 30. Rd1 Bf4 31. Nd3 Bc7 32. Ne2 Bb6 33. Qf1 Re3 34. Ng3 Rg5 35. f4 Rg4 36. Ne5 Qxf1+ 37. Rxf1 1-0

[Event "Djenovici TS10"]
[Site "Djenovici"]
[Date "2017.10.25"]
[Round "5"]
[White "Radlovacki, Jovan"]
[Black "Curic, Drazen"]
[Result "0-1"]
[WhiteElo "2326"]
[BlackElo "2223"]
[PlyCount "74"]
[EventDate "2017.10.21"]
[EventType "tourn"]
[EventRounds "9"]
[EventCountry "MNE"]
[EventCategory "1"]
[SourceTitle "CBM 181 Extra"]
[Source "ChessBase"]
[SourceDate "2017.12.12"]
[SourceVersion "1"]
[SourceVersionDate "2017.12.12"]
[SourceQuality "1"]

1. e4 c5 2. Nf3 e6 3. d3 Nc6 4. g3 g6 5. Bg2 Bg7 6. 0-0 Nge7 7. c3 0-0 8. Re1 b6 9. d4 cxd4 10. cxd4 d5 11. e5 Nf5 12. Nc3 Bd7 13. Bf4 Rc8 14. Rc1 b5 15. Qd2 Qb6 16. Red1 Na5 17. b3 b4 18. Ne2 Bb5 19. Bf1 Rxc1 20. Rxc1 Nc6 21. Rd1 f6 22. g4 Bxe2 23. Bxe2 Nfxd4 24. Nxd4 Nxd4 25. exf6 Nxe2+ 26. Qxe2 Bxf6 27. Be3 d4 28. Bh6 Rd8 29. Qf3 Bg7 30. Bxg7 Kxg7 31. Rd3 Qd6 32. Qb7+ Rd7 33. Qc8 e5 34. Rd1 d3 35. Qe8 Qd4 36. h3 d2 37. g5 Rf7 0-1

[Event "Djenovici TS10"]
[Site "Djenovici"]
[Date "2017.10.23"]
[Round "3"]
[White "Stocko, Josip"]
[Black "Curic, Drazen"]
[Result "1-0"]
[WhiteElo "2328"]
[BlackElo "2223"]
[PlyCount "47"]
[EventDate "2017.10.21"]
[EventType "tourn"]
[EventRounds "9"]
[EventCountry "MNE"]
[EventCategory "1"]
[SourceTitle "CBM 181 Extra"]
[Source "ChessBase"]
[SourceDate "2017.12.12"]
[SourceVersion "1"]
[SourceVersionDate "2017.12.12"]
[SourceQuality "1"]

1. e4 c5 2. Nf3 e6 3. d4 cxd4 4. Nxd4 Nf6 5. Bd3 d6 6. 0-0 Nbd7 7. Qe2 a6 8. c4 b6 9. b3 Bb7 10. Nc3 g6 11. Bb2 Bg7 12. Kh1 0-0 13. f4 Nc5 14. Bc2 d5 15. cxd5 exd5 16. e5 Nfe4 17. Nxe4 Nxe4 18. Bd3 Re8 19. Nf3 f6 20. Bd4 fxe5 21. Nxe5 Nc5 22. Rae1 Ne6 23. Bb2 Rc8 24. f5 1-0

[Event "CRO-chT1B 26th"]
[Site "Mali Losinj"]
[Date "2017.10.01"]
[Round "4.5"]
[White "Ciganovic, Nikola"]
[Black "Curic, Drazen"]
[Result "1-0"]
[WhiteElo "2238"]
[BlackElo "2223"]
[PlyCount "101"]
[EventDate "2017.09.28"]
[EventType "team-tourn"]
[EventRounds "9"]
[EventCountry "CRO"]
[SourceTitle "EXT 2018"]
[Source "ChessBase"]
[SourceDate "2017.10.13"]
[SourceVersion "1"]
[SourceVersionDate "2017.10.13"]
[SourceQuality "1"]
[WhiteTeam "Pula"]
[BlackTeam "Split Brda"]
[WhiteTeamCountry "CRO"]
[BlackTeamCountry "CRO"]

1. e4 c5 2. Nf3 e6 3. d4 cxd4 4. Nxd4 Nf6 5. Nc3 d6 6. Be3 a6 7. Be2 Nbd7 8. 0-0 b6 9. f4 Bb7 10. Bf3 Qc7 11. Qe1 h5 12. Rd1 Be7 13. h3 h4 14. Bf2 Nh5 15. Bxh4 Nxf4 16. Bxe7 Kxe7 17. Qg3 Ng6 18. Qg5+ Nf6 19. e5 dxe5 20. Nxe6 Kxe6 21. Bg4+ Ke7 22. Rd7+ Qxd7 23. Bxd7 Kxd7 24. Qe3 Bc6 25. Qxb6 Rhc8 26. Rd1+ Ke8 27. Rd6 Ne7 28. Qa5 e4 29. Qe5 Kf8 30. h4 Rd8 31. Rxf6 gxf6 32. Qxf6 Ke8 33. h5 Rd2 34. h6 Kd7 35. h7 e3 36. h8Q Rxg2+ 37. Kf1 Rxh8 38. Qxh8 Nf5 39. Qh3 Rf2+ 40. Ke1 Kc7 41. Qg4 Kd6 42. Qb4+ Kd7 43. Qc4 f6 44. Qxa6 Rh2 45. Qd3+ Ke6 46. Qc4+ Kd7 47. Qf7+ Ne7 48. Qxf6 Rxc2 49. Qd4+ Ke8 50. Nd1 e2 51. Ne3 1-0

[Event "Zadar op-B 21th"]
[Site "Zadar"]
[Date "2014.12.15"]
[Round "3"]
[White "Curic, Drazen"]
[Black "Debevec, Blaz"]
[Result "1-0"]
[WhiteElo "2236"]
[BlackElo "2128"]
[PlyCount "89"]
[EventDate "2014.12.14"]
[EventType "swiss"]
[EventRounds "9"]
[EventCountry "CRO"]
[SourceTitle "EXT 2016"]
[Source "ChessBase"]
[SourceDate "2015.10.08"]
[SourceVersion "1"]
[SourceVersionDate "2015.10.08"]
[SourceQuality "1"]

1. c4 d6 2. e3 e5 3. Nf3 f5 4. d3 Nf6 5. Be2 Be7 6. 0-0 0-0 7. Nc3 c6 8. b4 a5 9. b5 Nbd7 10. Ba3 c5 11. d4 e4 12. Ng5 Nb6 13. f3 exf3 14. Rxf3 Ng4 15. Nh3 Be6 16. Nf4 Bf7 17. Ncd5 Rc8 18. Nxb6 Qxb6 19. h3 Nf6 20. d5 Nd7 21. Bb2 Ne5 22. Rf1 Bf6 23. Ne6 Rfe8 24. Qd2 Bxe6 25. dxe6 Qd8 26. Rxf5 Qe7 27. Raf1 Qxe6 28. Bxe5 Bxe5 29. Bf3 Kh8 30. Bxb7 Rb8 31. Bd5 Qh6 32. R5f3 Bd4 33. Qxa5 Bxe3+ 34. Kh1 Bd4 35. Qc7 g5 36. a4 g4 37. Rf7 Bg7 38. Rxg7 Qxg7 39. Qxg7+ Kxg7 40. hxg4 Re7 41. a5 Ra7 42. a6 Kg6 43. Kh2 h5 44. gxh5+ Kxh5 45. Rf7 1-0

[Event "Zadar op-B 20th"]
[Site "Zadar"]
[Date "2013.12.19"]
[Round "7"]
[White "Curic, Drazen"]
[Black "Franciskovic, Borka"]
[Result "1/2-1/2"]
[WhiteElo "2244"]
[BlackElo "2270"]
[PlyCount "35"]
[EventDate "2013.12.15"]
[EventType "swiss"]
[EventRounds "9"]
[EventCountry "CRO"]
[SourceTitle "CBM 158 Extra"]
[Source "ChessBase"]
[SourceDate "2014.02.28"]
[SourceVersion "1"]
[SourceVersionDate "2014.02.28"]
[SourceQuality "1"]

1. e4 c6 2. d4 d5 3. exd5 cxd5 4. c4 Nf6 5. Nc3 e6 6. Nf3 Be7 7. Bd3 dxc4 8. Bxc4 0-0 9. 0-0 Nc6 10. Bf4 b6 11. Qd3 Bb7 12. a3 Na5 13. Ba2 Nd5 14. Bd2 Nxc3 15. Bxc3 Bd5 16. Bxa5 bxa5 17. Bxd5 Qxd5 18. Rfc1 1/2-1/2

[Event "Zadar op-B 20th"]
[Site "Zadar"]
[Date "2013.12.17"]
[Round "4"]
[White "Curic, Drazen"]
[Black "Mufic, Goran"]
[Result "1-0"]
[WhiteElo "2244"]
[BlackElo "2263"]
[PlyCount "89"]
[EventDate "2013.12.15"]
[EventType "swiss"]
[EventRounds "9"]
[EventCountry "CRO"]
[SourceTitle "CBM 158 Extra"]
[Source "ChessBase"]
[SourceDate "2014.02.28"]
[SourceVersion "1"]
[SourceVersionDate "2014.02.28"]
[SourceQuality "1"]

1. Nf3 d5 2. e3 c6 3. Be2 Nf6 4. 0-0 Bg4 5. c4 e6 6. b3 Nbd7 7. Bb2 Be7 8. d3 0-0 9. Nbd2 a5 10. cxd5 exd5 11. Nd4 Bxe2 12. Qxe2 Re8 13. Nf5 Bf8 14. Qf3 g6 15. Ng3 Bg7 16. Qd1 Qb6 17. Rb1 Ne5 18. d4 Ned7 19. Ba3 Qc7 20. Qc2 Ng4 21. Nf3 Ndf6 22. Ne2 Ne4 23. h3 Ngf6 24. Nf4 g5 25. Nd3 g4 26. Nfe5 gxh3 27. g3 Nd7 28. Bb2 f6 29. Nxd7 Qxd7 30. Qe2 Qf5 31. Nc5 Nd2 32. Rbc1 Nxf1 33. Rxf1 b6 34. Nd3 Bh6 35. Rc1 Re6 36. Kh2 Rae8 37. Rf1 Re4 38. a4 Kf7 39. Qd1 Kg6 40. Ba3 R8e6 41. b4 axb4 42. Bxb4 Re8 43. Bd6 Qd7 44. Bf4 Bf8 45. Qb1 1-0

[Event "CRO-chT2"]
[Site "Bol"]
[Date "2013.09.17"]
[Round "4.3"]
[White "Curic, Drazen"]
[Black "Matanovic, Luka"]
[Result "1-0"]
[WhiteElo "2245"]
[BlackElo "2025"]
[PlyCount "71"]
[EventDate "2013.09.14"]
[EventType "team-tourn"]
[EventRounds "9"]
[EventCountry "CRO"]
[SourceTitle "CBM 156 Extra"]
[Source "ChessBase"]
[SourceDate "2013.10.22"]
[SourceVersion "1"]
[SourceVersionDate "2013.10.22"]
[SourceQuality "1"]
[WhiteTeam "Split Brda"]
[BlackTeam "Slavonski Brod"]
[WhiteTeamCountry "CRO"]
[BlackTeamCountry "CRO"]

1. g3 d5 2. Bg2 g6 3. Nf3 Bg7 4. 0-0 e5 5. d3 Ne7 6. Nbd2 0-0 7. e4 Nbc6 8. c3 a5 9. Re1 h6 10. Qa4 Be6 11. exd5 Nxd5 12. Nc4 Qd7 13. Qc2 f6 14. d4 Nde7 15. Ne3 Kh7 16. Rd1 exd4 17. Nxd4 Nxd4 18. Rxd4 Qc8 19. Rh4 Ra6 20. b4 Rd8 21. b5 Rad6 22. Ba3 Rd2 23. Qa4 Nf5 24. Re4 b6 25. Nc4 R2d3 26. Bf1 R3d5 27. Rae1 Bd7 28. Nb2 c6 29. Qb3 Nd6 30. Bxd6 Rxd6 31. Nc4 Re6 32. Nxb6 Rxe4 33. Rxe4 Qb7 34. Qf7 Qxb6 35. Re7 Rg8 36. Bc4 1-0

[Event "EU-ch 14th"]
[Site "Legnica"]
[Date "2013.05.15"]
[Round "10"]
[White "Curic, Drazen"]
[Black "Kjartansson, Gudmundur"]
[Result "0-1"]
[WhiteElo "2258"]
[BlackElo "2446"]
[PlyCount "82"]
[EventDate "2013.05.05"]
[EventType "swiss"]
[EventRounds "11"]
[EventCountry "POL"]
[SourceTitle "CBM 155"]
[Source "ChessBase"]
[SourceDate "2013.07.16"]
[SourceVersion "1"]
[SourceVersionDate "2013.07.16"]
[SourceQuality "1"]

1. c4 c6 2. Nf3 Nf6 3. g3 d5 4. Bg2 Bf5 5. 0-0 e6 6. b3 Be7 7. Na3 0-0 8. Nc2 h6 9. d3 a5 10. Ne3 Bh7 11. cxd5 cxd5 12. Bb2 Nc6 13. Nd4 Qb6 14. Nxc6 bxc6 15. Qc2 Rfc8 16. Rfc1 Ra7 17. Rab1 Bg6 18. h3 Ne8 19. Ng4 c5 20. Qd2 f6 21. h4 Rd8 22. Ne3 Bf8 23. Ba3 Nc7 24. Bb2 Nb5 25. Ba1 Na3 26. Rb2 Bf7 27. Nc4 Qb4 28. Nxa3 Qxa3 29. Rbc2 e5 30. Bb2 Qxa2 31. Bxe5 Qxb3 32. Rb2 Qa4 33. Ra2 Qb5 34. Rb2 Qa6 35. Bb8 Rb7 36. Bf4 Rxb2 37. Qxb2 a4 38. Ra1 c4 39. dxc4 dxc4 40. Be4 Qa5 41. Qb7 a3 0-1

[Event "EU-ch 14th"]
[Site "Legnica"]
[Date "2013.05.14"]
[Round "9"]
[White "Henseler, Jorgen"]
[Black "Curic, Drazen"]
[Result "0-1"]
[WhiteElo "2093"]
[BlackElo "2258"]
[PlyCount "58"]
[EventDate "2013.05.05"]
[EventType "swiss"]
[EventRounds "11"]
[EventCountry "POL"]
[SourceTitle "CBM 155"]
[Source "ChessBase"]
[SourceDate "2013.07.16"]
[SourceVersion "1"]
[SourceVersionDate "2013.07.16"]
[SourceQuality "1"]

1. e4 e5 2. Nf3 Qe7 3. Bc4 h6 4. 0-0 Nf6 5. Re1 g6 6. d4 d6 7. Nc3 c6 8. a4 Bg7 9. Be3 0-0 10. h3 Nbd7 11. Qe2 Re8 12. Rad1 Nf8 13. dxe5 dxe5 14. Bb3 g5 15. Nh2 Ne6 16. f3 Nh5 17. Bxe6 Bxe6 18. b3 Nf4 19. Qf2 Bxh3 20. Bc5 Qf6 21. g3 Ne6 22. Bxa7 Rxa7 23. Qxa7 Nd4 24. Rxd4 exd4 25. Ne2 Qd6 26. Rd1 f5 27. c3 fxe4 28. fxe4 Rxe4 29. Rd2 d3 0-1